000 01346nam a2200349 c 4500
003 BLK
005 20250207121306.0
008 180409b bul|||||r ||||||| ||bul||
010 _aKNG00106040000
020 _a954-26-0050-Х
_bиздат.: Хермес
040 _aBLK
041 _aBUL
_cBUL
080 _aАмериканска литература (на САЩ)
_b821.111(73)
_x-312.4
_z821.111(73)-312.4
100 1 _aРайх, Кристофър
_eпърви автор
_9274980
700 _aАлтънчев, Огнян Иванов
_d1949-
_9365196
139 _aРайх, Кристофър
_bР 29
245 1 0 _aПървият милиард
_bРоман
_cКристофър Райх; прев. от англ. Огнян Алтънчев.
257 _aUSA
260 Пловдив
_bХермес
_c2003
_fХасково : Полиграфюг
300 _a447 с.
_c20 см
380 _aX
490 1 _aСерия Топтрилър
500 _aОриг. загл. The First Billion / Christopher Reich. - Офс. изд.
653 _aтрилъри
653 _aромани
852 _aЦб 214773
856 4 _qpdf
_u
856 4 _qpdf
_u
942 _cKNG
_n0
_030
944 _aCR
_c01.01.2003
_lЦветелина Шанова
_k30531
944 _aED
_c16.11.2015
_lф /
_kЛюдмила_Стоянова
999 _c101000
_d101000